|
|
|
|
| LEADER |
00000nam0a2200000 4500 |
| 001 |
138680 |
| 005 |
20231101220746.0 |
| 020 |
|
|
|a RU
|b 84-16033
|
| 035 |
|
|
|a (RuTPU)RU\TPU\book\150258
|
| 090 |
|
|
|a 138680
|
| 100 |
|
|
|a 20080529d1984 de y0rusy5003 ca
|
| 101 |
0 |
|
|a rus
|
| 102 |
|
|
|a RU
|
| 105 |
|
|
|a c z 000ay
|
| 200 |
1 |
|
|a Время, вперед!
|e [Хроника]
|f В. П. Катаев
|g авт. предисл. Ю. Лопусов ; худож. Е. С. Скрынников
|
| 210 |
|
|
|a Москва
|c Профиздат
|d 1984
|
| 215 |
|
|
|a 304 с.
|c портр.
|d 20 см
|
| 225 |
1 |
|
|a Школьная библиотека
|
| 610 |
1 |
|
|a Социалистическое строительство в СССР
|
| 610 |
1 |
|
|a Магнитогорский металлургический комбинат
|
| 610 |
1 |
|
|a детская литература
|
| 675 |
|
|
|a Р2
|z rus
|
| 700 |
|
1 |
|a Катаев
|b В. П.
|c русский писатель
|f 1897-1986
|g Валентин Петрович
|2 stltpush
|3 (RuTPU)RU\TPU\pers\8204
|9 1601
|
| 702 |
|
1 |
|a Лопусов
|b Ю.
|4 080
|
| 702 |
|
1 |
|a Скрынников
|b Е. С.
|4 440
|
| 801 |
|
0 |
|a RU
|b RuMRKP
|c 19950704
|g psbo
|
| 801 |
|
2 |
|a RU
|b 63413507
|c 20080529
|g PSBO
|
| 942 |
|
|
|c BK
|